000 00753cam a2200253u 4500
999 _c126419
_d126419
001 8746626
003 ARRUPE
005 20170412100330.0
008 810213s1930 enk 000 0 eng
010 _a 30013996
040 _aDLC
_cCarP
_dDLC
043 _af------
050 0 0 _aDT15
_b.S6
100 1 _aSmuts, Jan Christiaan,
_d1870-1950.
_922224
245 1 0 _aAfrica and some world problems,
_cJan Christian Smuts
260 _aOxford,
_bThe Clarendon press,
_c1930.
300 _a184 p.
_ccm.
600 1 0 _aLivingstone, David
_99520
650 0 _aAfrica
_xRace questions
_929863
650 0 _aAfrica
_xNative Races
_923395
650 0 _aLeague of Nations
_929864
650 0 _aDemocracy
_929865
906 _a0
_bcbc
_cpremunv
_du
_encip
_f19
_gy-gencatlg
942 _2lcc
_cMONOGRAPH